| 000 | 00362nam a2200145Ia 4500 | ||
|---|---|---|---|
| 008 | 230312s9999||||xx |||||||||||||| ||und|| | ||
| 020 | _a81-312-2731-2 | ||
| 082 |
_a615 _bKLA-R |
||
| 100 | _aKlatt;Edward.c | ||
| 245 | 0 | _aRobbins and Cotran Altas of Pathology | |
| 260 |
_bElsevier _aIndia _c2011 |
||
| 300 | _a576 | ||
| 650 |
_aMedical _vPathology |
||
| 942 | _cBK | ||
| 999 |
_c10169 _d10169 |
||